00000000nam 2200000zi 4500
0019.857393
003CaOODSP
00520221107155740
006m     o  d f      
007cr cn|||||||||
008180605t20182018qucab   ob   f000 0 eng d
020 |a9780660268101
020 |z9780660268118 |q(incorrect)
040 |aCaOODSP|beng|erda|cCaOODSP
043 |an-cn---
0861 |aR62-552/2018E-PDF|zR62-552/2018E
24500|aOne with nature : |ba renewed approach to land and freshwater conservation in Canada : a report of Canada's federal, provincial and territorial departments responsible for parks, protected areas, conservation, wildlife and biodiversity.
264 1|a[Gatineau, Quebec] : |b[Parks Canada], |c[2018]
264 4|c©2018
300 |a1 online resource (51 pages) : |bcolour illustrations, colour map
336 |atext|btxt|2rdacontent
337 |acomputer|bc|2rdamedia
338 |aonline resource|bcr|2rdacarrier
500 |aIssued also in French under title: Unis avec la nature : une approche renouvelée de la conservation des terres et de l'eau douce au Canada : un rapport des ministères fédéraux, provinciaux et territoriaux responsables des parcs, des aires protégées, de la conservation, de la faune et de la biodiversité du Canada.
500 |aIncludes bibliographical references (pages 50-51).
520 |a"One with Nature: A Renewed Approach to Land and Freshwater Conservation in Canada presents pan-Canadian opportunities jointly developed by federal, provincial and territorial governments to support progress towards achieving the terrestrial and inland water components of Canada Target 1, the first of Canada's 19 biodiversity goals and targets. Canada Target 1 states: "By 2020, at least 17 percent of terrestrial areas and inland water, and 10 percent of marine and coastal areas, are conserved through networks of protected areas and other effective area-based conservation measures.""--Executive summary, page 4.
650 0|aProtected areas|zCanada|xPlanning.
650 0|aBiodiversity conservation|zCanada|xPlanning.
650 0|aIndigenous peoples|xEnvironmental aspects|zCanada.
7102 |aParks Canada, |eissuing body.
77508|tUnis avec la nature : |w(CaOODSP)9.857395
7760#|tOne with nature : |w(CaOODSP)9.857394
85640|qPDF|s2.12 MB|uhttps://publications.gc.ca/collections/collection_2022/pc/R62-552-2018-eng.pdf